[Event "Elitserien Allsvenskan 2018-19"]
[Site "Sweden"]
[Date "2019.03.31"]
[Round "9.7"]
[White "Thorn, Eric"]
[Black "Thornert, Hakan"]
[Result "1/2-1/2"]
[WhiteElo "2256"]
[BlackElo "2191"]
[Annotator "NA"]
[PlyCount "33"]
[EventDate "2018.11.09"]
[EventType "team-tourn"]
[EventCountry "SWE"]
[SourceTitle "playchess.com"]
[Source "ChessBase"]
[SourceQuality "1"]
[TimeControl "40/5400+30:1800+30"]

1. d4 {[%emt 0:02:15]} d5 {[%emt 0:00:00]} 2. c4 {[%emt 0:00:07]} e5 {[%emt 0:00:00]} 3. dxe5 {[%emt 0:00:14]} d4 {[%emt 0:00:00]} 4. Nf3 {[%emt 0:00:06]} Nc6 {[%emt 0:00:00]} 5. a3 {[%emt 0:01:04]} Be6 {[%emt 0:00:14]} 6. e3 {[%emt 0:01:53]} (6. Nbd2 $16) 6... dxe3 {[%emt 0:00:49]} 7. Qxd8+ {[%emt 0:02:11]} Rxd8 {[%emt 0:00:16]} 8. Bxe3 {[%emt 0:00:13]} Nge7 {[%emt 0:00:25]} 9. Nc3 {[%emt 0:04:03] LiveBook: 14 Games} Nf5 {[%emt 0:01:14]} 10. Rd1 {[%emt 0:03:16]} Nxe3 {[%emt 0:01:36]} 11. Rxd8+ {[%emt 0:01:20]} Kxd8 {[%emt 0:00:28]} 12. fxe3 {[%emt 0:00:05]} g6 {[%emt 0:01:20]} 13. Be2 $15 {[%emt 0:14:43]} Bg7 {[%emt 0:01:23]} 14. Rf1 {[%emt 0:07:29]} Nxe5 {[%emt 0:00:59]} 15. Ng5 {[%emt 0:02:27]} Ke7 {[%emt 0:02:54]} 16. Nxe6 {[%emt 0:03:42]} fxe6 {[%emt 0:02:01]} 17. Rf4 {[%emt 0:06:14]} 1/2-1/2

[Event "Elitserien Allsvenskan 2018-19"]
[Site "Sweden"]
[Date "2019.03.31"]
[Round "9.7"]
[White "Petersson, Baldur Teodor"]
[Black "Mardell, Jonas"]
[Result "1-0"]
[WhiteElo "2098"]
[BlackElo "2024"]
[Annotator "NA"]
[PlyCount "85"]
[EventDate "2018.11.09"]
[EventType "team-tourn"]
[EventCountry "SWE"]
[SourceTitle "playchess.com"]
[Source "ChessBase"]
[SourceQuality "1"]
[TimeControl "40/5400+30:1800+30"]

1. e4 {[%emt 0:00:00]} c5 {[%emt 0:03:01]} 2. Nf3 {[%emt 0:00:00]} d6 {[%emt 0:00:05]} 3. d3 {[%emt 0:00:00]} g6 {[%emt 0:00:17]} 4. g3 {[%emt 0:00:00]} Nf6 {[%emt 0:00:09]} 5. Bg2 {[%emt 0:00:03]} Bg7 {[%emt 0:00:08]} 6. O-O {[%emt 0:00:09]} O-O {[%emt 0:00:46]} 7. c3 {[%emt 0:00:06]} Nc6 {[%emt 0:00:44]} 8. Re1 {[%emt 0:00:17]} e5 {[%emt 0:03:53]} 9. a3 {[%emt 0:00:08]} h6 {[%emt 0:17:16]} 10. b4 {[%emt 0:02:22]} Be6 {[%emt 0:14:46]} 11. b5 {[%emt 0:06:37]} Na5 {[%emt 0:02:33]} 12. c4 {[%emt 0:00:07]} Qd7 {[%emt 0:03:10]} 13. Bd2 {[%emt 0:15:48]} b6 {[%emt 0:08:18]} 14. Bxa5 {[%emt 0:00:34]} bxa5 {[%emt 0:00:05]} 15. Qd2 {[%emt 0:00:10]} Bh3 {[%emt 0:03:00]} 16. Qxa5 {[%emt 0:02:45]} Bxg2 {[%emt 0:01:48]} 17. Kxg2 {[%emt 0:00:23]} Nh5 {[%emt 0:00:16]} 18. h3 {[%emt 0:03:41]} f5 {[%emt 0:06:44]} 19. Qd2 {[%emt 0:12:56]} f4 {[%emt 0:08:53]} 20. Qe2 {[%emt 0:10:11]} g5 {[%emt 0:10:14]} 21. Nbd2 {[%emt 0:06:29]} g4 {[%emt 0:01:27]} 22. hxg4 {[%emt 0:00:37]} Qxg4 {[%emt 0:01:08]} 23. Nh2 {[%emt 0:00:09]} Qg6 {[%emt 0:01:58]} 24. Qg4 {[%emt 0:00:58]} Qf7 {[%emt 0:05:05]} 25. Rf1 {[%emt 0:02:55]} Rae8 {[%emt 0:01:06]} 26. Ndf3 {[%emt 0:01:29]} Re6 {[%emt 0:01:19]} 27. Nh4 {[%emt 0:00:16]} Rf6 {[%emt 0:01:53]} 28. Nf5 {[%emt 0:00:13]} Kh7 {[%emt 0:01:58]} 29. Qh4 {[%emt 0:02:32]} Rxf5 {[%emt 0:01:04]} 30. exf5 {[%emt 0:00:23]} Qxf5 {[%emt 0:00:06]} 31. g4 {[%emt 0:00:35]} Qxd3 {[%emt 0:00:56]} 32. Qxh5 {[%emt 0:00:30]} f3+ {[%emt 0:00:56]} 33. Kh1 {[%emt 0:00:08]} Qxc4 {[%emt 0:00:12]} 34. g5 {[%emt 0:01:21]} Rf4 35. gxh6 {[%emt 0:00:45]} Bxh6 {[%emt 0:01:42]} 36. Rg1 {[%emt 0:00:11]} Qe6 {[%emt 0:00:05]} 37. Rg4 {[%emt 0:01:14]} Rf5 {[%emt 0:00:25]} 38. Qh3 {[%emt 0:00:11]} e4 {[%emt 0:00:09]} 39. Rag1 {[%emt 0:00:26]} Rf6 {[%emt 0:01:10]} 40. Rg7+ {[%emt 0:00:46]} Kh8 {[%emt 0:00:03]} 41. Rg8+ {[%emt 0:30:55]} Qxg8 {[%emt 0:30:14]} 42. Rxg8+ {[%emt 0:00:05]} Kxg8 {[%emt 0:00:05]} 43. Ng4 {[%emt 0:00:09]} 1-0

[Event "Elitserien Allsvenskan 2018-19"]
[Site "Sweden"]
[Date "2019.03.31"]
[Round "9.8"]
[White "Bator, Robert"]
[Black "Schneider, Stefan"]
[Result "0-1"]
[WhiteElo "2369"]
[BlackElo "2370"]
[Annotator "NA"]
[PlyCount "88"]
[EventDate "2018.11.09"]
[EventType "team-tourn"]
[EventCountry "SWE"]
[SourceTitle "playchess.com"]
[Source "ChessBase"]
[SourceQuality "1"]
[TimeControl "40/5400+30:1800+30"]

1. c4 {[%emt 0:00:00]} e5 {[%emt 0:00:48]} 2. Nc3 {[%emt 0:00:00]} Nf6 {[%emt 0:00:44]} 3. Nf3 {[%emt 0:00:23]} Nc6 {[%emt 0:00:03]} 4. e4 {[%emt 0:00:49]} Bb4 {[%emt 0:02:51]} 5. d3 {[%emt 0:00:52]} d6 {[%emt 0:04:09]} 6. Be2 {[%emt 0:01:54] A28: English Opening: Four Knights Variation} (6. a3 Bc5 7. b4 Bb6 8. Na4 Bd4 9. Nxd4 Nxd4 10. Nc3 c6 11. Ne2 Ne6 12. g3 d5 13. exd5 cxd5 {½-½ (41) Pantsulaia,L (2589)-Bareev,E (2666) Batumi 2018}) 6... h6 {[%emt 0:09:07]} 7. O-O {[%emt 0:09:38]} O-O {[%emt 0:01:14]} 8. Ne1 {[%emt 0:07:02]} Nd4 {[%emt 0:12:52]} 9. a3 $146 {[%emt 0:14:39]} ({Predecessor:} 9. Nc2 Nxc2 10. Qxc2 c6 11. f4 Bc5+ 12. Kh1 exf4 13. Bxf4 Ng4 14. Bxg4 Bxg4 {½-½ (46) Roktim,B (2352)-Das,A (2299) Calicut 2003}) 9... Bxc3 {[%emt 0:02:46]} 10. bxc3 {[%emt 0:00:07]} Nxe2+ {[%emt 0:03:40]} 11. Qxe2 {[%emt 0:00:18]} Nh7 {[%emt 0:05:22]} 12. Rb1 {[%emt 0:14:52]} b6 {[%emt 0:05:21]} 13. Nc2 {[%emt 0:02:40]} f5 {[%emt 0:02:56]} 14. exf5 {[%emt 0:05:30]} Bxf5 {[%emt 0:02:27]} 15. Ne3 {[%emt 0:07:52]} Be6 {[%emt 0:01:56]} 16. d4 {[%emt 0:01:44]} Qf6 {[%emt 0:09:11]} 17. Bb2 {[%emt 0:01:47]} Ng5 {[%emt 0:12:41]} 18. Nd5 {[%emt 0:07:57]} Bxd5 {[%emt 0:01:30]} 19. cxd5 {[%emt 0:03:18] [#]} e4 $11 {[%emt 0:05:29]} (19... Qg6 $1 $19 20. Qe3 Nf3+ 21. Kh1 exd4 22. cxd4 Rae8) 20. Bc1 {[%emt 0:01:11]} Rae8 {[%emt 0:01:50]} 21. Bxg5 {[%emt 0:01:17]} Qxg5 {[%emt 0:00:17]} 22. c4 {[%emt 0:00:14]} e3 {[%emt 0:03:14]} 23. fxe3 {[%emt 0:10:01]} Qxe3+ {[%emt 0:02:54]} 24. Qxe3 {[%emt 0:00:05]} Rxe3 {[%emt 0:00:55]} 25. Rfc1 {[%emt 0:03:09]} Rxa3 {[%emt 0:01:11]} 26. c5 {[%emt 0:00:04]} Ra2 {[%emt 0:02:35]} 27. Rb3 {[%emt 0:02:19]} Rd2 {[%emt 0:02:18]} 28. Re3 {[%emt 0:01:39]} Rff2 {[%emt 0:01:13]} 29. Rg3 {[%emt 0:00:27]} Rf7 {[%emt 0:00:13]} 30. cxd6 {[%emt 0:01:00]} cxd6 {[%emt 0:00:05]} 31. Rg6 {[%emt 0:00:11]} Rd7 {[%emt 0:02:25]} 32. Rc6 {[%emt 0:00:41]} Rxd4 {[%emt 0:00:16]} 33. Rcxd6 {[%emt 0:00:31]} Rxd5 {[%emt 0:00:16]} 34. Rc6 {[%emt 0:00:17]} Rd1+ {[%emt 0:00:38]} 35. Kf2 {[%emt 0:00:01]} Kh7 {[%emt 0:00:53]} 36. h4 {[%emt 0:00:22]} b5 {[%emt 0:00:45]} 37. h5 {[%emt 0:02:29]} b4 {[%emt 0:00:32]} 38. Rc8 {[%emt 0:00:12]} Rd8 {[%emt 0:00:40]} 39. Rc4 {[%emt 0:00:05]} R1d4 {[%emt 0:00:27]} 40. Rc5 {[%emt 0:00:43]} R4d5 {[%emt 0:00:39]} 41. Rc4 {[%emt 0:30:29]} Rxh5 {[%emt 0:06:51]} 42. Ra6 {[%emt 0:00:00]} Rd2+ {[%emt 0:02:29]} 43. Ke3 {[%emt 0:00:00]} Rxg2 {[%emt 0:01:31]} 44. Rxb4 {[%emt 0:00:00]} Rh3+ {[%emt 0:02:27] Kd3} 0-1

[Event "Elitserien Allsvenskan 2018-19"]
[Site "Sweden"]
[Date "2019.03.31"]
[Round "9.8"]
[White "Dragicevic, Drazen"]
[Black "Moreau, Teodor"]
[Result "1/2-1/2"]
[WhiteElo "2334"]
[BlackElo "2332"]
[Annotator "TA"]
[PlyCount "203"]
[EventDate "2018.11.09"]
[EventType "team-tourn"]
[EventCountry "SWE"]
[SourceTitle "playchess.com"]
[Source "ChessBase"]
[SourceQuality "1"]

{[%evp 9,203,15,7,17,16,15,20,-31,-38,-32,-46,-44,-35,-68,-43,-79,-87,-76,-95,-165,-141,-158,-136,-164,-85,-88,-67,-67,-71,-80,-81,-90,-44,-67,-67,-67,-53,-53,-53,-53,-53,-53,-53,-63,-60,-63,-58,-70,-38,-70,-70,-70,-70,-75,-80,-94,-95,-83,-83,-89,-71,-71,-71,-74,-75,-77,-62,-71,-71,-84,-84,-112,-112,-99,-106,-154,-148,-155,-115,-127,-120,-127,-85,-85,-85,-85,-85,-85,-85,-85,-85,-85,-31,-31,-8,-8,-8,-8,-8,-8,-8,-8,-8,-8,-8,-8,-8,-8,-8,-8,-8,-8,-8,-8,-8,-8,-8,-8,-8,-8,-8,-8,-8,-8,-8,-8,-8,-8,-8,-8,-8,-8,0,-8,-8,-8,-8,-8,-8,-8,-8,-8,0,0,0,0,0,0,0,0,0,-8,0,-8,-8,-8,-8,-8,-8,-8,-8,-8,0,-8,0,-8,-8,-8,-8,-8,-8,-8,-8,-8,0,0,0,-8,-8,-8,0,-8,-8,-8,-8,-8,-8,-8,-8,-8,0,-8,-8,-8,0,-8]} 1. c4 Nf6 2. Nf3 e6 3. b3 c5 4. g3 Nc6 5. Bg2 d5 6. cxd5 {A13: English Opening: 1...e6} exd5 7. O-O (7. d4 cxd4 8. Nxd4 Bb4+ 9. Bd2 Qb6 10. Nxc6 bxc6 11. O-O O-O 12. Nc3 Re8 13. Na4 Qb5 14. Bxb4 Qxb4 {1-0 (35) Ramirez Alvarez,A (2552)-Kaidanov,G (2550) Medellin 2017}) 7... d4 8. d3 ({White should try} 8. Na3 $11) 8... Be7 9. e4 $146 ({Predecessor:} 9. Na3 O-O 10. Nc4 Nd5 11. Qd2 Bf6 12. Bb2 Re8 13. Rfe1 b5 14. Na3 a6 {0-1 (38) Leschenko,W (1655)-Beliy,G (1901) Zhukovsky 2009}) 9... dxe3 10. fxe3 Nd5 11. d4 O-O $36 {[%mdl 2048] Black has the initiative.} 12. Qd2 cxd4 13. exd4 Re8 14. Ne5 (14. Bb2 $17) 14... Nxe5 $19 15. dxe5 {[#]} Be6 $1 16. Kh1 Qd7 (16... Bb4 $19 17. Qd3 Rc8) 17. Ba3 $17 Rad8 18. Bxe7 $1 Qxe7 19. Nc3 Nxc3 20. Qxc3 Bd5 21. Rae1 Bxg2+ 22. Kxg2 Qe6 23. Rf2 Rd5 24. Qc7 Rd7 25. Qc3 h6 26. Qe3 b6 27. Qf4 Qd5+ 28. Kh3 Ree7 29. Ree2 Qe6+ 30. Qg4 Rd5 31. Qxe6 Rxe6 $15 {[%mdl 4096] Endgame KRR-KRR} 32. Rc2 Rdxe5 33. Rc8+ Re8 34. Rfc2 g6 35. Rxe8+ Rxe8 $17 {KR-KR} 36. Rc7 a5 37. Rb7 Re6 38. Kg4 Rf6 39. Kh3 h5 40. Rb8+ Kg7 41. Kg2 g5 42. Rd8 Rc6 43. Rd5 Rc5 44. Rd6 b5 45. a3 f6 46. Ra6 Rc2+ 47. Kg1 Rc3 48. Rxa5 Rxb3 49. a4 bxa4 50. Rxa4 Rb2 (50... Kg6 $17) 51. h4 $15 g4 52. Ra5 {The position is equal.} Kg6 53. Rc5 Re2 54. Ra5 Re5 55. Ra6 Kf5 56. Ra4 Rd5 57. Rf4+ Ke5 58. Rf2 $1 Ke6 59. Re2+ Re5 (59... Kd6 {is more complex.} 60. Kf2 f5 61. Re8 Rc5 62. Rd8+ Ke6) 60. Ra2 $1 Rf5 61. Ra6+ Kf7 62. Ra7+ Kg6 63. Ra8 Rb5 64. Rh8 Rb2 65. Kf1 Rd2 66. Kg1 Rd5 67. Kg2 $1 Kg7 68. Ra8 Re5 69. Kf2 Kf7 70. Rb8 Ke6 71. Rb6+ Kf5 72. Rb4 Rd5 (72... Kg6 {with more complications.} 73. Rb3 Re6 74. Rb5 f5 75. Ra5 Rb6) 73. Rb2 Rc5 74. Re2 Re5 {[#] White must now prevent ...Rxe2+.} 75. Ra2 Ke4 76. Ra4+ Kd3 77. Ra3+ Kd4 78. Ra4+ Kd5 79. Ra5+ Ke6 80. Ra6+ Kf5 81. Ra4 Rb5 (81... Kg6 {feels hotter.} 82. Ra6 Rc5 83. Kg1 Rc7 84. Kf2 Rf7) 82. Ra2 Rb4 83. Re2 Re4 84. Ra2 Rd4 85. Re2 Rd5 86. Ra2 Re5 87. Ra4 Kg6 88. Ra8 Re6 89. Rh8 Re4 90. Ra8 Re7 91. Ra6 Kf7 92. Ra5 Kg6 93. Ra6 Rc7 94. Rb6 Rc5 95. Ra6 Kf5 96. Ra2 Ke6 97. Re2+ Kd6 98. Rd2+ Rd5 99. Ra2 Ke6 100. Ra6+ Rd6 101. Ra8 Rd2+ 102. Kf1 {Accuracy: White = 70%, Black = 64%.} 1/2-1/2

[Event "Elitserien Allsvenskan 2018-19"]
[Site "Sweden"]
[Date "2019.03.31"]
[Round "9.8"]
[White "Malesevic, Nedeljko"]
[Black "Arman, Deniz"]
[Result "0-1"]
[WhiteElo "2252"]
[BlackElo "2346"]
[Annotator "NA"]
[PlyCount "82"]
[EventDate "2018.11.09"]
[EventType "team-tourn"]
[EventCountry "SWE"]
[SourceTitle "playchess.com"]
[Source "ChessBase"]
[SourceQuality "1"]
[TimeControl "40/5400+30:1800+30"]

1. d4 {[%emt 0:00:37]} Nf6 {[%emt 0:00:44]} 2. c4 {[%emt 0:00:13]} g6 {[%emt 0:00:05]} 3. Nc3 {[%emt 0:00:10]} d5 {[%emt 0:00:03]} 4. Nf3 {[%emt 0:00:18]} Bg7 {[%emt 0:00:04]} 5. Bg5 {[%emt 0:00:45]} c5 {[%emt 0:17:18]} 6. Bxf6 {[%emt 0:08:13]} Bxf6 {[%emt 0:00:25]} 7. Nxd5 {[%emt 0:07:08]} Bg7 $1 {[%emt 0:01:03]} 8. e3 {[%emt 0:04:01]} Nc6 {[%emt 0:00:41]} 9. Be2 {[%emt 0:02:55]} e6 {[%emt 0:08:20]} 10. Nc3 {[%emt 0:01:36]} cxd4 {[%emt 0:00:03]} 11. exd4 {[%emt 0:01:52]} Nxd4 {[%emt 0:00:15]} 12. Nxd4 {[%emt 0:02:14]} Bxd4 {[%emt 0:16:43]} 13. Qb3 {[%emt 0:13:12]} Qb6 {[%emt 0:14:35]} 14. O-O {[%emt 0:03:24]} Bd7 {[%emt 0:08:55]} 15. Nb5 $15 {[%emt 0:03:48]} Bxb5 {[%emt 0:04:24]} 16. cxb5 {[%emt 0:01:24]} O-O {[%emt 0:00:57]} 17. Rad1 {[%emt 0:10:43]} Rac8 {[%emt 0:03:02]} 18. h4 {[%emt 0:05:10]} h5 {[%emt 0:03:01]} 19. Rd3 {[%emt 0:04:20]} Rfd8 {[%emt 0:03:21]} 20. Rg3 {[%emt 0:05:21]} Rd5 {[%emt 0:01:04]} 21. Bc4 {[%emt 0:02:37]} Rxc4 {[%emt 0:07:52]} 22. Qxc4 {[%emt 0:04:31]} Bxf2+ {[%emt 0:00:04]} 23. Rxf2 {[%emt 0:02:18]} Rd1+ {[%emt 0:00:27]} 24. Qf1 {[%emt 0:02:02]} Rxf1+ {[%emt 0:00:04]} 25. Kxf1 {[%emt 0:00:04]} Qxb5+ {[%emt 0:00:04]} 26. Kg1 {[%emt 0:00:08]} Qc4 {[%emt 0:00:17]} 27. Rc3 {[%emt 0:02:22]} Qd5 {[%emt 0:04:28]} 28. Rcf3 {[%emt 0:03:57]} e5 {[%emt 0:00:22]} 29. b3 {[%emt 0:00:35]} e4 {[%emt 0:02:10]} 30. Re3 {[%emt 0:02:12]} f5 {[%emt 0:00:57]} 31. g3 {[%emt 0:01:22]} Qd4 {[%emt 0:00:28]} 32. Re1 {[%emt 0:01:17]} Qc3 {[%emt 0:00:21]} 33. Ree2 {[%emt 0:00:41]} Qxg3+ {[%emt 0:00:59]} 34. Rg2 {[%emt 0:00:06]} Qd6 {[%emt 0:00:12]} 35. Rd2 {[%emt 0:00:52]} Qb6+ {[%emt 0:00:31]} 36. Kh1 {[%emt 0:00:19]} e3 {[%emt 0:00:34]} 37. Rd7 {[%emt 0:02:06]} Qc6 {[%emt 0:01:41]} 38. Rd1 {[%emt 0:02:45]} f4 {[%emt 0:00:26]} 39. Rdg1 {[%emt 0:00:35]} Kf7 {[%emt 0:00:10]} 40. Kh2 {[%emt 0:01:02]} f3 {[%emt 0:01:45]} 41. Rf1 {[%emt 0:02:10]} Qe4 {[%emt 0:02:20]} 0-1

[Event "Elitserien Allsvenskan 2018-19"]
[Site "Sweden"]
[Date "2019.03.31"]
[Round "9.8"]
[White "Ottenklev, Niklas"]
[Black "Jaderberg, Bjorn"]
[Result "0-1"]
[WhiteElo "2154"]
[BlackElo "2140"]
[Annotator "NA"]
[PlyCount "66"]
[EventDate "2018.11.09"]
[EventType "team-tourn"]
[EventCountry "SWE"]
[SourceTitle "playchess.com"]
[Source "ChessBase"]
[SourceQuality "1"]
[TimeControl "40/5400+30:1800+30"]

1. e4 {[%emt 0:00:00]} e6 {[%emt 0:00:00]} 2. b3 {[%emt 0:00:00]} b6 {[%emt 0:00:31]} 3. Bb2 {[%emt 0:00:51]} Bb7 {[%emt 0:00:25]} 4. Nc3 {[%emt 0:04:20]} Nf6 {[%emt 0:05:45]} 5. e5 {[%emt 0:08:39]} Nd5 {[%emt 0:07:11]} 6. Nxd5 {[%emt 0:01:18]} exd5 {[%emt 0:02:07]} 7. Nf3 {[%emt 0:05:04]} Nc6 {[%emt 0:00:51]} 8. g3 {[%emt 0:07:59]} Be7 {[%emt 0:10:09]} 9. Bg2 {[%emt 0:01:28]} O-O {[%emt 0:00:21]} 10. O-O {[%emt 0:08:50]} d6 {[%emt 0:01:12]} 11. exd6 {[%emt 0:02:42]} Qxd6 {[%emt 0:00:40]} 12. d4 {[%emt 0:01:14]} Rad8 {[%emt 0:07:29]} 13. Ne5 {[%emt 0:02:31]} Bf6 {[%emt 0:12:50]} 14. Re1 {[%emt 0:05:53]} Ne7 {[%emt 0:04:40]} 15. Qd3 {[%emt 0:07:21]} Bc8 {[%emt 0:01:43]} 16. a4 {[%emt 0:01:02]} c6 {[%emt 0:02:07]} 17. Ba3 {[%emt 0:03:07]} c5 {[%emt 0:01:50]} 18. Qc3 {[%emt 0:05:45]} Ng6 {[%emt 0:01:50]} 19. dxc5 {[%emt 0:06:13]} Bxe5 {[%emt 0:01:09]} 20. Rxe5 {[%emt 0:05:16]} Qxe5 {[%emt 0:00:25]} 21. Qxe5 {[%emt 0:00:14]} Nxe5 {[%emt 0:00:09]} 22. cxb6 {[%emt 0:00:06]} Rfe8 {[%emt 0:02:21]} 23. bxa7 {[%emt 0:00:10]} Be6 {[%emt 0:00:20]} 24. Bc5 {[%emt 0:00:57]} Rc8 {[%emt 0:11:57]} 25. b4 {[%emt 0:04:07]} Nc4 {[%emt 0:01:55]} 26. c3 {[%emt 0:01:30]} h5 {[%emt 0:01:04]} 27. Bd4 {[%emt 0:02:19]} Re7 {[%emt 0:02:10]} 28. b5 {[%emt 0:01:48]} Rb7 {[%emt 0:00:56]} 29. Rb1 {[%emt 0:00:51]} Ra8 {[%emt 0:02:34]} 30. b6 {[%emt 0:01:18]} Raxa7 {[%emt 0:00:13]} 31. bxa7 {[%emt 0:01:14]} Rxb1+ {[%emt 0:00:12]} 32. Bf1 {[%emt 0:00:08]} Bh3 {[%emt 0:00:09]} 33. a8=Q+ {[%emt 0:00:11]} Kh7 {[%emt 0:00:12]} 0-1

[Event "Elitserien Allsvenskan 2018-19"]
[Site "Sweden"]
[Date "2019.03.31"]
[Round "9.8"]
[White "Isaksson, Henrik"]
[Black "Carlsson, Ludvig"]
[Result "0-1"]
[WhiteElo "2086"]
[BlackElo "2172"]
[Annotator "NA"]
[PlyCount "98"]
[EventDate "2018.11.09"]
[EventType "team-tourn"]
[EventCountry "SWE"]
[SourceTitle "playchess.com"]
[Source "ChessBase"]
[SourceQuality "1"]
[TimeControl "40/5400+30:1800+30"]

1. d4 {[%emt 0:00:00]} d5 {[%emt 0:01:19]} 2. c4 {[%emt 0:00:00]} c6 {[%emt 0:00:51]} 3. Nf3 {[%emt 0:00:19]} Nf6 {[%emt 0:00:09]} 4. Nc3 {[%emt 0:06:29]} dxc4 {[%emt 0:00:18]} 5. a4 {[%emt 0:00:07]} Bf5 {[%emt 0:00:08]} 6. e3 {[%emt 0:00:53]} e6 {[%emt 0:03:02]} 7. Bxc4 {[%emt 0:00:42]} Nbd7 {[%emt 0:01:25]} 8. O-O {[%emt 0:03:06]} Bb4 {[%emt 0:11:41]} 9. Qe2 {[%emt 0:05:51]} Bg6 {[%emt 0:00:56]} 10. Na2 {[%emt 0:04:41]} Bd6 {[%emt 0:03:56]} 11. Nc3 {[%emt 0:01:15]} Bb4 {[%emt 0:29:17]} 12. Na2 {[%emt 0:08:40]} Be7 {[%emt 0:00:07]} 13. Nc3 {[%emt 0:00:52]} O-O {[%emt 0:04:09]} 14. e4 {[%emt 0:02:15]} Bh5 {[%emt 0:01:07]} 15. e5 {[%emt 0:05:22]} Nd5 {[%emt 0:00:15]} 16. Nxd5 {[%emt 0:01:29]} cxd5 {[%emt 0:00:13]} 17. Bd3 {[%emt 0:00:59]} Nb8 {[%emt 0:06:21]} 18. Bd2 {[%emt 0:16:16]} Nc6 {[%emt 0:01:18]} 19. Qe3 {[%emt 0:02:50]} Bxf3 {[%emt 0:01:59]} 20. gxf3 {[%emt 0:00:50]} Bb4 {[%emt 0:00:11]} 21. Bc3 {[%emt 0:02:21]} Qh4 {[%emt 0:05:30]} 22. f4 {[%emt 0:07:02]} f5 {[%emt 0:07:50]} 23. Bb5 {[%emt 0:06:16]} Bxc3 {[%emt 0:00:40]} 24. bxc3 {[%emt 0:01:36]} Ne7 {[%emt 0:00:38]} 25. Bd7 {[%emt 0:03:34]} Qh6 {[%emt 0:01:46]} 26. Rfb1 {[%emt 0:00:14]} Rab8 {[%emt 0:00:20]} 27. a5 {[%emt 0:02:10]} Rfd8 {[%emt 0:00:31]} 28. Ba4 {[%emt 0:03:05]} Ng6 {[%emt 0:00:54]} 29. Rb2 {[%emt 0:01:28]} Rf8 {[%emt 0:06:42]} 30. Rab1 {[%emt 0:00:34]} Rf7 {[%emt 0:00:13]} 31. Bc6 {[%emt 0:02:01]} Nxf4 {[%emt 0:01:23]} 32. Kh1 {[%emt 0:03:30]} b6 {[%emt 0:01:50]} 33. axb6 {[%emt 0:02:20]} Rxb6 {[%emt 0:00:05]} 34. Rxb6 {[%emt 0:00:49]} axb6 {[%emt 0:00:05]} 35. Rxb6 {[%emt 0:01:00]} Ra7 {[%emt 0:00:06]} 36. Rb8+ {[%emt 0:00:31]} Kf7 {[%emt 0:00:06]} 37. Rb7+ {[%emt 0:00:22]} Rxb7 {[%emt 0:00:06]} 38. Bxb7 {[%emt 0:00:03]} Qg5 {[%emt 0:03:55]} 39. Qf3 {[%emt 0:01:30]} Ng6 {[%emt 0:00:32]} 40. h3 {[%emt 0:02:43]} Qf4 {[%emt 0:00:36]} 41. Bxd5 {[%emt 0:05:31]} Qc1+ {[%emt 0:07:21]} 42. Kh2 {[%emt 0:00:34]} exd5 {[%emt 0:09:39]} 43. Qxd5+ {[%emt 0:00:44]} Kf8 {[%emt 0:00:34]} 44. Qd8+ {[%emt 0:01:21]} Kf7 {[%emt 0:00:08]} 45. Qd5+ {[%emt 0:00:12]} Ke7 {[%emt 0:01:06]} 46. Qd6+ {[%emt 0:02:01]} Ke8 {[%emt 0:00:19]} 47. Qc6+ {[%emt 0:00:36]} Kf8 {[%emt 0:00:24]} 48. Qd6+ {[%emt 0:07:01]} Ke8 {[%emt 0:02:18]} 49. Qc6+ {[%emt 0:00:15]} Kf8 {[%emt 0:00:15]} 0-1